00469 2200193 4500001002100000005001500021035002000036008004100056245005100097100001300148250000600161260003600167300001200203084001400215082000800229650001400237990001200251990001200263INLIS00000000000046920240430112346 a0010-0424000445240430 0 ind 1 aSejarah Dan Pendidikan Kepramukaan /cSuyahman aSuyahman a1 aKlaten :bIntan Pariwara,c2016 a178 hlm a369 SUY s a369 4aNon Fiksi a0728516 a0728517